| 000 | 02524cam a2200409 i 4500 | ||
|---|---|---|---|
| 001 | 124491 | ||
| 005 | 20230410115851.0 | ||
| 008 | 150220s2016 enk b 001 0 eng | ||
| 010 | _a2015006600 | ||
| 020 | _a9781138780835 | ||
| 020 | _a9781138780859 | ||
| 020 | _z9781315770444 | ||
| 040 |
_aDLC _beng _cDLC _erda _dDLC |
||
| 042 | _apcc | ||
| 043 | _aa-jp--- | ||
| 050 | 1 | 4 |
_aHN 723 _bT595m 2016 |
| 082 | 0 | 0 | _a306.0952223 |
| 084 |
_aHIS021000 _aHIS037030 _aPOL029000 _2bisacsh |
||
| 100 | 1 | _aTipton, Elise K. | |
| 245 | 1 | 0 |
_aModern Japan : _ba social and political history / _cElise K. Tipton. |
| 250 | _aThird edition. | ||
| 260 | 1 |
_aLondon ; _aNew York, : _bRoutledge, Taylor & Francis Group, _c2016. |
|
| 300 |
_axxi, 307 pages ; _c24 cm. |
||
| 336 |
_atext _btxt _2rdacontent |
||
| 337 |
_aunmediated _bn _2rdamedia |
||
| 338 |
_avolume _bnc _2rdacarrier |
||
| 490 | 0 | _aNissan Institute/Routledge Japanese studies series | |
| 520 |
_a"This thoroughly revised and updated third edition of Modern Japan provides a concise and fascinating introduction to the social, cultural and political history of modern Japan. Ranging from the Tokugawa period to the present day, Tipton links everyday lives with major historical developments, charting the country's evolution into a modernized, economic and political world power. Drawing on the latest research, the book features new material on the global financial crisis, the Fukushima nuclear disaster and continuing political instability. While retaining analysis of women's issues, minorities and popular culture, this third edition's expanded coverage of Japan's role in the Second World War, life in the empire, and the history of science, medicine and technology contributes to a sense of the complexity and diversity of modern Japan. Including an updated chronology, glossary and guide to further reading as well as new maps and illustrations to help students to engage directly with the subject matter, this highly accessible and comprehensive textbook is an essential resource for students, scholars and teachers of Japanese history, politics culture and society"-- _cProvided by publisher. |
||
| 504 | _aIncludes bibliographical references and index. | ||
| 651 | 0 |
_aJapan _xSocial conditions. |
|
| 651 | 4 |
_aJapón _xCondiciones sociales. |
|
| 650 | 7 |
_aHISTORY / Asia / Japan. _2bisacsh |
|
| 650 | 7 |
_aHISTORY / Modern / General. _2bisacsh |
|
| 650 | 7 |
_aPOLITICAL SCIENCE / Public Policy / Social Policy. _2bisacsh |
|
| 942 |
_2lcc _cbk |
||
| 946 | _almd | ||
| 999 |
_c49501 _d49501 |
||